000 00526nam a22001817a 4500
003 OSt
005 20251212022223.0
008 251212b |||||||| |||| 00| 0 eng d
020 _a971-93317-04.
040 _aDWCl-Admin lib
_cOC
082 _aFil. 425 F587m 2011
100 _aFlauta, Romeo A.
245 _a Master in English grammar in 28 days /
_cRomeo A. Flauta
260 _a [Manila] :
_bFPR Pub. ,
_cc2011
300 _a 243 p. ;
_c21 cm.
650 _a1. English language-Grammar.
942 _2ddc
_cBK - FIL
_kFil.
_n0
999 _c7058
_d7058